Calciatori italiani nella Squadra dell'anno UEFA - Statistics

Statistiche generali
  • Questo quiz è stato fatto 43 volte
  • Il punteggio medio è 7 su 8
Statistiche sulle risposte
Numero apparizioni Edizioni apparizioni Squadra Calciatore % Corretto
5 2003, 2004; 2006; 2016; 2017 Juventus Gianluigi Buffon
98%
4 2002, 2003; 2004; 2007 Lazio / Milan Alessandro Nesta
95%
1 2017 Juventus Giorgio Chiellini
95%
1 2012 Juventus Andrea Pirlo
93%
1 2016 Juventus Leonardo Bonucci
90%
1 2006 Juventus / Real Madrid Fabio Cannavaro
88%
2 2003; 2005 Milan Paolo Maldini
88%
1 2006 Juventus / Barcellona Gianluca Zambrotta
80%
Nessun quiz corrispondente trovato
Distribuzione punteggi
Percentuale di utenti per punteggio
Percentile per numero di risposta
I tuoi punteggi nel tempo
Non hai fatto questo quiz